接続路線がない起終点駅 - Statistics

General Stats
  • This quiz has been taken 113 times
  • The average score is 165 of 323
Answer Stats
都道府県 Answer % Correct
北海道 稚内
88%
北海道 根室
86%
北海道 函館
78%
栃木県 東武日光
78%
栃木県 日光
75%
群馬県 横川
75%
山梨県 河口湖
75%
静岡県 伊豆急下田
75%
北海道 石狩沼田
74%
神奈川県 三崎口
74%
秋田県 男鹿
72%
宮城県 仙台空港
72%
青森県 大湊
71%
茨城県 つくば
71%
静岡県 修善寺
71%
三重県 賢島
71%
北海道 室蘭
69%
宮城県 女川
69%
山形県 左沢
69%
東京都 奥多摩
69%
東京都 武蔵五日市
69%
愛知県 名古屋港
69%
北海道 鵡川
68%
青森県 三厩
68%
栃木県 東武宇都宮
68%
群馬県 大前
68%
埼玉県 浦和美園
68%
新潟県 弥彦
68%
富山県 氷見
68%
静岡県 新静岡
68%
奈良県 吉野
68%
徳島県 鳴門
68%
鹿児島県 枕崎
68%
沖縄県 那覇空港
68%
宮城県 泉中央
66%
群馬県 下仁田
66%
東京都 高尾山口
66%
静岡県 新清水
66%
大阪府 夢洲
66%
宮城県 八木山動物公園
65%
栃木県 烏山
65%
千葉県 上総亀山
65%
千葉県 芝山千代田
65%
神奈川県 久里浜
65%
神奈川県 逗子・葉山
65%
神奈川県 片瀬江ノ島
65%
愛知県 中部国際空港
65%
愛知県 猿投
65%
鳥取県 境港
65%
岡山県 宇野
65%
宮崎県 宮崎空港
65%
北海道 北海道医療大学
63%
北海道 真駒内
63%
茨城県 常陸太田
63%
東京都 唐木田
63%
神奈川県 海芝浦
63%
神奈川県 浦賀
63%
神奈川県 大雄山
63%
石川県 穴水
63%
福井県 九頭竜湖
63%
愛知県 河和
63%
三重県 伊勢奥津
63%
高知県 宿毛
63%
茨城県 竜ヶ崎
62%
埼玉県 三峰口
62%
千葉県 ちはら台
62%
神奈川県 強羅
62%
富山県 城端
62%
富山県 立山
62%
岐阜県 新羽島
62%
三重県 湯の山温泉
62%
大阪府 箕面
62%
島根県 松江しんじ湖温泉
62%
岩手県
60%
宮城県 気仙沼
60%
栃木県 茂木
60%
群馬県 中央前橋
60%
千葉県 外川
60%
東京都 方南町
60%
東京都 西高島平
60%
長野県 新島々
60%
岐阜県 明智
60%
京都府 嵐山(阪急)
60%
京都府 国際会館
60%
京都府 嵐山(嵐電)
60%
奈良県 学研奈良登美ヶ丘
60%
青森県 中央弘前
58%
福島県 飯坂温泉
58%
埼玉県 西武秩父
58%
東京都 大師前
58%
神奈川県 元町・中華街
58%
長野県 別所温泉
58%
岐阜県 御嵩
58%
愛知県 武豊
58%
大阪府 桜島
58%
和歌山県 和歌山港
58%
島根県 出雲大社前
58%
広島県 あき亀山
58%
香川県 高松築港
58%
高知県 奈半利
58%
沖縄県 てだこ浦西
58%
東京都 羽田空港第1・第2ターミナル
58%
青森県 大鰐
57%
東京都 西武園
57%
東京都 北綾瀬
57%
東京都 光が丘
57%
静岡県 新浜松
57%
愛知県 碧南
57%
愛知県 内海
57%
兵庫県 山陽網干
57%
奈良県 新王寺
57%
福岡県 門司港
57%
福岡県 福岡空港
57%
鹿児島県 志布志
57%
北海道 | 愛知県 栄町
55%
埼玉県 本川越
55%
東京都 是政
55%
東京都 府中競馬正門前
55%
東京都 西馬込
55%
神奈川県 扇町
55%
神奈川県 大川
55%
富山県 宇奈月
55%
福井県 勝山
55%
長野県 湯田中
55%
岐阜県 北濃
55%
岐阜県 揖斐
55%
愛知県 徳重
55%
京都府 鞍馬
55%
大阪府 箕面萱野
55%
兵庫県 山陽姫路
55%
奈良県 西田原本
55%
山口県 仙崎
55%
熊本県 三角
55%
東京都 京王八王子
54%
神奈川県 こどもの国
54%
富山県 宇奈月温泉
54%
愛知県 東名古屋港
54%
愛知県 太閤通
54%
滋賀県 石山寺
54%
大阪府 和泉中央
54%
鳥取県 若桜
54%
島根県 電鉄出雲市
54%
広島県 広電宮島口
54%
香川県 琴電琴平
54%
佐賀県 西唐津
54%
青森県 黒石
52%
宮城県 荒井
52%
栃木県 葛生
52%
栃木県 間藤
52%
群馬県 西小泉
52%
千葉県 東葉勝田台
52%
岐阜県 美濃赤坂
52%
静岡県 岳南江尾
52%
愛知県 尾張瀬戸
52%
愛知県 三河田原
52%
三重県 平田町
52%
滋賀県 信楽
52%
京都府 京都河原町
52%
兵庫県 有馬温泉
52%
奈良県 近鉄奈良
52%
岡山県 岡山駅前
52%
愛媛県 宇和島
52%
埼玉県 内宿
51%
東京都 西武新宿
51%
東京都 見沼代親水公園
51%
東京都 三ノ輪橋
51%
神奈川県 小島新田
51%
愛知県 高畑
51%
愛知県 金城ふ頭
51%
滋賀県 多賀大社前
51%
京都府 宇治(京阪)
51%
京都府 太秦天神川
51%
大阪府 大阪梅田(阪神)
51%
奈良県 近鉄御所
51%
山口県 長門本山
51%
福岡県 西鉄福岡(天神)
51%
東京都 羽田空港第2ターミナル
51%
北海道 新千歳空港
49%
茨城県 阿字ヶ浦
49%
東京都 京成上野
49%
静岡県 井川
49%
愛知県 玉ノ井
49%
滋賀県 坂本比叡山口
49%
大阪府 中之島
49%
大阪府 八尾南
49%
大阪府 難波(南海)
49%
兵庫県 伊丹(阪急)
49%
和歌山県 極楽橋
49%
広島県 広島港(宇品)
49%
香川県 琴電志度
49%
福岡県 太宰府
49%
大阪府 JR難波
49%
北海道 麻生
48%
北海道 新さっぽろ
48%
青森県 津軽中里
48%
群馬県 西桐生
48%
千葉県 流山
48%
東京都 早稲田(都電)
48%
富山県 電鉄富山
48%
石川県 内灘
48%
岐阜県 樽見
48%
三重県 西桑名
48%
兵庫県 武庫川団地前
48%
香川県 長尾
48%
東京都 京成金町
46%
新潟県 ガーラ湯沢
46%
石川県 北鉄金沢
46%
福井県 三国港
46%
愛知県 新豊橋
46%
大阪府 私市
46%
大阪府 大阪空港
46%
愛媛県 横河原
46%
愛媛県 道後温泉
46%
高知県 伊野
46%
高知県 高知駅前
46%
秋田県 矢島
45%
宮城県 柳津
45%
宮城県 利府
45%
福井県 たけふ新
45%
愛知県 近鉄名古屋
45%
三重県 内部
45%
京都府 トロッコ亀岡
45%
京都府 北野白梅町
45%
大阪府 北千里
45%
兵庫県 神戸空港
45%
兵庫県 西神中央
45%
兵庫県 ウッディタウン中央
45%
兵庫県 北条町
45%
和歌山県 西御坊
45%
広島県 広島駅
45%
愛媛県 郡中港
45%
宮城県 富沢
43%
神奈川県 湘南江の島
43%
富山県 欅平
43%
富山県 岩瀬浜
43%
三重県 西藤原
43%
三重県 阿下喜
43%
京都府 トロッコ嵯峨
43%
大阪府 信貴山口
43%
大阪府 多奈川
43%
大阪府 野田阪神
43%
和歌山県 加太
43%
愛媛県 高浜
43%
福岡県 橋本
43%
北海道 宮の沢
42%
山形県 荒砥
42%
栃木県 芳賀・高根沢工業団地
42%
千葉県 県庁前
42%
東京都 上北台
42%
石川県 鶴来
42%
京都府 八瀬比叡山口
42%
大阪府 南巽
42%
大阪府 門真南
42%
兵庫県 甲陽園
42%
兵庫県 日生中央
42%
山口県 錦町
42%
福岡県 博多南
42%
福岡県 宇美
42%
北海道 福住
40%
北海道 湯の川
40%
石川県 野町
40%
福井県 福井駅
40%
愛知県 駅前
40%
三重県 あすなろう四日市
40%
京都府 四条大宮
40%
大阪府 西梅田
40%
広島県 江波
40%
広島県 白島
40%
福岡県 西戸崎
40%
福岡県 西鉄新宮
40%
東京都 モノレール浜松町
38%
大阪府 高師浜
38%
兵庫県 三宮・花時計前
38%
広島県 横川駅
38%
長崎県 島原港
38%
大阪府 汐見橋
37%
大阪府 井高野
37%
大阪府 彩都西
37%
福岡県 若松
37%
熊本県 高森
37%
鹿児島県 鹿児島駅前
37%
北海道 函館どつく前
35%
青森県 津軽五所川原
35%
富山県 南富山駅前
35%
愛知県 運動公園前
35%
大阪府 妙見口
35%
大阪府 水間観音
35%
岡山県 倉敷市
35%
岡山県 清輝橋
35%
高知県 桟橋通五丁目
35%
熊本県 湯前
35%
千葉県 千城台
34%
和歌山県 貴志川
34%
広島県 広域公園前
34%
鹿児島県 谷山
34%
東京都 多摩センター
32%
愛知県 赤岩口
32%
三重県 西日野
32%
大阪府 大阪阿部野橋
32%
大阪府 天王寺駅前
32%
岡山県 三菱自工前
32%
高知県 甲浦
32%
長崎県 赤迫
32%
富山県 越ノ潟
31%
富山県 富山大学前
31%
熊本県 御代志
31%
大阪府 浜寺駅前
28%
北海道 谷地頭
26%
岡山県 東山・おかでんミュージアム
26%
愛媛県 松山市駅前
26%
熊本県 健軍町
26%
福岡県 黒崎駅前
25%
福岡県 筑豊直方
25%
熊本県 藤崎宮前
25%
熊本県 人吉温泉
25%
熊本県 田崎橋
25%
福岡県 九州鉄道記念館
20%
福岡県 関門海峡めかり
20%
長崎県 崇福寺
20%
長崎県 蛍茶屋
18%
長崎県 石橋
17%
兵庫県 マリンパーク
15%
No matching quizzes found
Score Distribution
Percent of People with Each Score
Percentile by Number Answered
Your Score History
You have not taken this quiz